[Event "SCG-chT (Women)"]
[Site "Budva"]
[Date "2004.09.19"]
[Round "11.1"]
[White "Zdebskaja, Natalia"]
[Black "Boric, Tatjana"]
[Result "1-0"]
[WhiteElo "2338"]
[BlackElo "2033"]
[PlyCount "87"]
[EventDate "2004.09.08"]
[EventType "team"]
[EventRounds "11"]
[EventCountry "YUG"]
[SourceTitle "CBM 102 Extra"]
[Source "ChessBase"]
[SourceDate "2004.11.03"]
[SourceVersion "1"]
[SourceVersionDate "2004.11.03"]
[SourceQuality "1"]
[WhiteTeam "04"]
[BlackTeam "11"]
[WhiteTeamCountry "YUG"]
[BlackTeamCountry "YUG"]

1. e4 c5 2. Nf3 d6 3. d4 cxd4 4. Nxd4 Nf6 5. Nc3 g6 6. g3 Bg7 7. Bg2 0-0 8. 0-0 a6 9. a4 Nbd7 10. h3 Qb6 11. a5 Qc7 12. f4 e5 13. Nde2 b5 14. axb6 Qxb6+ 15. Kh2 Bb7 16. Ra3 Rac8 17. Nd5 Nxd5 18. exd5 f5 19. fxe5 dxe5 20. Rb3 Qa7 21. Bg5 Nf6 22. Nc3 h6 23. Be3 Qa8 24. Na4 Nd7 25. Qd2 Rc4 26. Nb6 Nxb6 27. Bxb6 Qc8 28. Rc3 e4 29. Rxc4 Qxc4 30. d6 Qc6 31. Ba5 Qd7 32. c4 Rc8 33. b3 Kh7 34. Rd1 Rc6 35. Bb4 Rc8 36. Bc3 g5 37. Bxg7 Kxg7 38. Qd4+ Kg6 39. g4 Rd8 40. c5 Bc6 41. Rf1 f4 42. Bxe4+ Kf7 43. Bd5+ Kg6 44. Qe4+ 1-0

[Event "SCG-chT (Women)"]
[Site "Budva"]
[Date "2004.09.16"]
[Round "8.2"]
[White "Boric, Tatjana"]
[Black "Babic, Marijana"]
[Result "1/2-1/2"]
[WhiteElo "2033"]
[BlackElo "2141"]
[PlyCount "68"]
[EventDate "2004.09.08"]
[EventType "team"]
[EventRounds "11"]
[EventCountry "YUG"]
[SourceTitle "CBM 102 Extra"]
[Source "ChessBase"]
[SourceDate "2004.11.03"]
[SourceVersion "1"]
[SourceVersionDate "2004.11.03"]
[SourceQuality "1"]
[WhiteTeam "11"]
[BlackTeam "07"]
[WhiteTeamCountry "YUG"]
[BlackTeamCountry "YUG"]

1. e4 e5 2. Nf3 Nc6 3. Bc4 Bc5 4. 0-0 Nf6 5. d3 d6 6. Bg5 h6 7. Be3 Bxe3 8. fxe3 0-0 9. Nc3 Na5 10. Bb3 Nxb3 11. axb3 Re8 12. Qe1 d5 13. Qh4 c6 14. h3 dxe4 15. Nxe4 Nxe4 16. Qxe4 f6 17. Qg6 Be6 18. e4 a5 19. Rf2 b5 20. Raf1 a4 21. bxa4 bxa4 22. Kh1 Ra7 23. Rd2 c5 24. c3 Rd7 25. Nh4 Qe7 26. Qg3 Red8 27. Ra1 Rd6 28. Qe3 c4 29. d4 exd4 30. cxd4 Qa7 31. Nf3 Bf7 32. Qc3 Re6 33. e5 fxe5 34. Nxe5 Red6 1/2-1/2

[Event "SCG-chT (Women)"]
[Site "Budva"]
[Date "2004.09.10"]
[Round "3.2"]
[White "Urosevic, Marija"]
[Black "Boric, Tatjana"]
[Result "1-0"]
[WhiteElo "2019"]
[BlackElo "2033"]
[PlyCount "47"]
[EventDate "2004.09.08"]
[EventType "team"]
[EventRounds "11"]
[EventCountry "YUG"]
[SourceTitle "CBM 102 Extra"]
[Source "ChessBase"]
[SourceDate "2004.11.03"]
[SourceVersion "1"]
[SourceVersionDate "2004.11.03"]
[SourceQuality "1"]
[WhiteTeam "10"]
[BlackTeam "11"]
[WhiteTeamCountry "YUG"]
[BlackTeamCountry "YUG"]

1. d4 d5 2. Nf3 Nf6 3. c4 c6 4. Nc3 e6 5. Bg5 Be7 6. e3 Nbd7 7. cxd5 exd5 8. Bd3 0-0 9. Qc2 Re8 10. h3 a6 11. 0-0-0 h6 12. Bxf6 Nxf6 13. g4 Bd7 14. Rdg1 Bd6 15. g5 hxg5 16. Rxg5 Qc7 17. Rhg1 Bxh3 18. Rxg7+ Kf8 19. Ng5 Be6 20. Bf5 Qc8 21. Bxe6 Rxe6 22. Rxf7+ Ke8 23. Qg6 Be7 24. Rxf6+ 1-0

[Event "Belgrade Jezero op 10th"]
[Site "Belgrade"]
[Date "2004.08.23"]
[Round "7"]
[White "Boric, Tatjana"]
[Black "Andrijasevic, Momir"]
[Result "1/2-1/2"]
[WhiteElo "2033"]
[BlackElo "2143"]
[PlyCount "135"]
[EventDate "2004.08.17"]
[EventType "swiss"]
[EventRounds "9"]
[EventCountry "YUG"]
[SourceTitle "EXT 2005"]
[Source "ChessBase"]
[SourceDate "2004.11.15"]
[SourceVersion "1"]
[SourceVersionDate "2004.11.15"]
[SourceQuality "1"]

1. e4 c5 2. Nf3 Nc6 3. Bb5 g6 4. Bxc6 bxc6 5. d4 cxd4 6. Qxd4 Nf6 7. e5 Ng8 8. 0-0 Bg7 9. Re1 d5 10. Qh4 h6 11. Nc3 e6 12. Qg3 Ne7 13. h4 Nf5 14. Qh3 h5 15. Bg5 Qb6 16. Rab1 Qb4 17. Qh2 Nd4 18. Nxd4 Qxd4 19. Rbd1 Qb4 20. Ne4 0-0 21. Nf6+ Bxf6 22. Bxf6 Qxb2 23. Qf4 Kh7 24. Be7 Ba6 25. Bc5 Qxc2 26. Be3 Qf5 27. Qh6+ Kg8 28. Bg5 f6 29. Bxf6 Rxf6 30. exf6 Qxf6 31. Re3 Qg7 32. Qxg7+ Kxg7 33. Rxe6 Bc4 34. Rxc6 Bxa2 35. Ra1 Bc4 36. Rc7+ Kf6 37. Raxa7 Rb8 38. Rc6+ Ke5 39. Re7+ Kd4 40. Re3 Rb1+ 41. Kh2 Bd3 42. Kg3 Rg1 43. Re7 Be4 44. f3 Bd3 45. Rce6 Ra1 46. Rd6 Ra2 47. Red7 Ra5 48. Kf4 Rb5 49. g4 hxg4 50. fxg4 Be4 51. h5 gxh5 52. gxh5 Rb1 53. h6 Rf1+ 54. Kg5 Rg1+ 55. Kf6 Rf1+ 56. Kg7 Rg1+ 57. Kf8 Rh1 58. Kg8 Ke5 59. Rb6 Kf4 60. Rf7+ Ke3 61. Re6 Kd3 62. h7 Bxh7+ 63. Rxh7 Rxh7 64. Kxh7 d4 65. Kg6 Kc2 66. Kf5 d3 67. Rc6+ Kb2 68. Rd6 1/2-1/2

[Event "Belgrade Jezero op 10th"]
[Site "Belgrade"]
[Date "2004.08.20"]
[Round "4"]
[White "Brujic, Bozidar"]
[Black "Boric, Tatjana"]
[Result "1-0"]
[WhiteElo "2200"]
[BlackElo "2033"]
[PlyCount "75"]
[EventDate "2004.08.17"]
[EventType "swiss"]
[EventRounds "9"]
[EventCountry "YUG"]
[SourceTitle "EXT 2005"]
[Source "ChessBase"]
[SourceDate "2004.11.15"]
[SourceVersion "1"]
[SourceVersionDate "2004.11.15"]
[SourceQuality "1"]

1. d4 d5 2. c4 c6 3. Nf3 Nf6 4. Nc3 e6 5. e3 Nbd7 6. a3 Be7 7. c5 Qc7 8. b4 e5 9. dxe5 Nxe5 10. Nd4 Bd7 11. Bb2 0-0 12. Be2 a5 13. Na4 axb4 14. axb4 b5 15. Nb6 Rxa1 16. Bxa1 Be6 17. h3 Ne4 18. Nxb5 Nxf2 19. Nxc7 Nxd1 20. Nxe6 fxe6 21. Kxd1 Ng6 22. Rf1 Rd8 23. Bh5 Bg5 24. Ke2 Nh4 25. Bf7+ Kh8 26. Bxe6 h5 27. Rf7 Bh6 28. Bd4 Nxg2 29. Rf6 Kh7 30. Bf5+ Kg8 31. Rxc6 Re8 32. Nxd5 Nh4 33. Be6+ Kf8 34. Nc7 Rd8 35. Bc4 Ke7 36. Re6+ Kd7 37. Be5 Nf5 38. c6+ 1-0

[Event "SCG-chT (Women)"]
[Site "Budva"]
[Date "2003.??.??"]
[Round "5.53"]
[White "Boric, Tatjana"]
[Black "Benderac, Ana"]
[Result "0-1"]
[WhiteElo "2025"]
[BlackElo "2310"]
[PlyCount "60"]
[EventDate "2003.09.??"]
[EventType "team"]
[EventRounds "11"]
[EventCountry "YUG"]
[SourceTitle "CBM 096 Extra"]
[Source "ChessBase"]
[SourceDate "2003.10.22"]
[SourceVersion "2"]
[SourceVersionDate "2003.10.20"]
[SourceQuality "1"]

1. e4 c5 2. Nc3 Nc6 3. g3 g6 4. Bg2 Bg7 5. d3 e6 6. f4 d6 7. Nf3 Nge7 8. Ne2 0-0 9. 0-0 f5 10. c3 Qc7 11. Qc2 b5 12. h3 h6 13. Be3 Kh7 14. g4 Rb8 15. Ng3 b4 16. d4 cxd4 17. cxd4 Qb6 18. Qf2 d5 19. exf5 exf5 20. Ne5 fxg4 21. hxg4 Bxe5 22. dxe5 d4 23. Bd2 Bxg4 24. Qe1 Nf5 25. Ne4 d3+ 26. Kh2 Rbe8 27. Qc1 Ncd4 28. Qc4 Qd8 29. Qxb4 Qh4+ 30. Kg1 Ne2# 0-1

[Event "Belgrade New talents (Women)"]
[Site "Belgrade"]
[Date "1999.??.??"]
[Round "11"]
[White "Boric, Tatjana"]
[Black "Tadic, Katarina"]
[Result "0-1"]
[WhiteElo "2050"]
[BlackElo "2141"]
[PlyCount "84"]
[EventDate "1999.10.08"]
[EventType "schev"]
[EventRounds "12"]
[EventCountry "YUG"]
[SourceTitle "CBM 073 Extra"]
[Source "ChessBase"]
[SourceDate "2000.01.11"]
[SourceVersion "1"]
[SourceVersionDate "2000.01.11"]
[SourceQuality "1"]

1. e4 c5 2. Nf3 d6 3. d4 cxd4 4. Nxd4 Nf6 5. Nc3 a6 6. Be2 e5 7. Nb3 Be6 8. Be3 Nbd7 9. 0-0 Qc7 10. Nd5 Bxd5 11. exd5 Nb6 12. Bxb6 Qxb6 13. c4 Be7 14. Rc1 0-0 15. Bd3 Rfe8 16. Kh1 Bf8 17. Bb1 Rac8 18. Rc3 e4 19. Qd2 Re5 20. Nd4 g6 21. b3 Qb4 22. Ne2 Bg7 23. Qf4 Nxd5 24. cxd5 Rxc3 25. Nxc3 Qxc3 26. Rc1 Qd4 27. h3 Re8 28. Qxd6 Qxf2 29. Qd7 Rf8 30. Qe7 e3 31. d6 Bf6 32. Qe4 e2 33. Bd3 Qg3 34. Qxe2 Be5 35. Kg1 Qh2+ 36. Kf2 Qf4+ 37. Qf3 Qxc1 38. d7 Bd4+ 39. Ke2 Qc7 40. Qg4 Bb6 41. h4 Rd8 42. Bf5 Qe5+ 0-1

[Event "Belgrade New talents (Women)"]
[Site "Belgrade"]
[Date "1999.??.??"]
[Round "1"]
[White "Stankovic, Tatjana"]
[Black "Boric, Tatjana"]
[Result "1-0"]
[WhiteElo "2006"]
[BlackElo "2050"]
[PlyCount "65"]
[EventDate "1999.10.08"]
[EventType "schev"]
[EventRounds "12"]
[EventCountry "YUG"]
[SourceTitle "CBM 073 Extra"]
[Source "ChessBase"]
[SourceDate "2000.01.11"]
[SourceVersion "1"]
[SourceVersionDate "2000.01.11"]
[SourceQuality "1"]

1. c4 e5 2. Nc3 Nf6 3. g3 c6 4. Bg2 Bc5 5. d3 d5 6. cxd5 cxd5 7. Qb3 d4 8. Nd5 Nxd5 9. Bxd5 Qe7 10. f4 Bb4+ 11. Kf1 exf4 12. Bxf4 0-0 13. Rc1 Na6 14. Rc2 g5 15. Bc1 Qf6+ 16. Kg2 Be6 17. Nh3 h6 18. Nf2 Nc5 19. Rxc5 Bxc5 20. Ne4 Qe5 21. Bxe6 fxe6 22. h4 Be7 23. hxg5 Bxg5 24. Bxg5 hxg5 25. Rh5 Rf5 26. Qxb7 Rb8 27. Qh7+ Kf8 28. Qh8+ Kf7 29. Rh7+ Kg6 30. Rh6+ Kf7 31. Nd6+ Ke7 32. Nxf5+ Qxf5 33. Qxb8 1-0

[Event "Belgrade New talents (Women)"]
[Site "Belgrade"]
[Date "1999.??.??"]
[Round "5"]
[White "Tadic, Katarina"]
[Black "Boric, Tatjana"]
[Result "0-1"]
[WhiteElo "2141"]
[BlackElo "2050"]
[PlyCount "118"]
[EventDate "1999.10.08"]
[EventType "schev"]
[EventRounds "12"]
[EventCountry "YUG"]
[SourceTitle "CBM 073 Extra"]
[Source "ChessBase"]
[SourceDate "2000.01.11"]
[SourceVersion "1"]
[SourceVersionDate "2000.01.11"]
[SourceQuality "1"]

1. Nf3 d5 2. d4 Nf6 3. c4 c6 4. e3 g6 5. Be2 Bg7 6. Nc3 0-0 7. 0-0 dxc4 8. Bxc4 b5 9. Be2 Bb7 10. Ne5 Nbd7 11. Nd3 Rc8 12. Bf3 Ba8 13. b4 Qc7 14. Bb2 Rfe8 15. Rc1 Qd6 16. Qb3 Nb6 17. Ne5 Nfd5 18. Bxd5 cxd5 19. Nxb5 Qb8 20. Nf3 Nc4 21. Na3 Nd6 22. Nb1 e6 23. Nbd2 Bc6 24. a4 a6 25. Rc2 Qb7 26. Rfc1 Qd7 27. Qd3 Qb7 28. Qb3 Qd7 29. Qd3 Bb7 30. Rxc8 Rxc8 31. Qb3 Bc6 32. Ne5 Bxe5 33. dxe5 Bxa4 34. Rxc8+ Nxc8 35. Qc3 Bb5 36. h3 Nb6 37. Qd4 Na4 38. Ba1 Qc6 39. e4 Nb6 40. exd5 Nxd5 41. Ne4 Qc1+ 42. Kh2 Qf4+ 43. Kg1 Qc1+ 44. Kh2 Bc6 45. Nf6+ Kg7 46. Bb2 Qf1 47. Qh4 h6 48. Nxd5 Bxd5 49. Qf6+ Kg8 50. f3 Qc4 51. Qd8+ Kh7 52. Qf8 Qf4+ 53. Kh1 g5 54. Bc3 h5 55. Bd2 Qf5 56. Kh2 Qxe5+ 57. f4 Qc7 58. g3 gxf4 59. Bxf4 Qc2+ 0-1